[Event "StL-B-West 2002/03"]
[Site "Jenbach"]
[Date "2002.12.01"]
[Round "6"]
[Board "6"]
[White "Nussbächer, Andreas"]
[Black "Erhard, Jakob"]
[Result "0-1"]
[WhiteElo "2153"]
[BlackElo "2112"]
[PlyCount "108"]

1.d4 Nf6 2.Bg5 c5 3.d5 Ne4 4.Bf4 Qb6 5.Bc1 g6 6.f3 Nf6 7.e4 d6 8.c4 Bg7 9.Nc3
Na6 10.Nge2 Bd7 11.Be3 Rb8 12.Qd2 Nc7 13.Ng3 a6 14.e5 dxe5 15.Nge4 Nxe4 16.Nxe4
Qb4 17.Bxc5 Qxd2+ 18.Kxd2 f5 19.Nc3 b5 20.b3 b4 21.Ne2 Kf7 22.Nc1 Rhd8 23.a3 e4
24.Ra2 bxa3 25.Bxa3 exf3 26.gxf3 e6 27.d6 Ne8 28.c5 Bh6+ 29.Kc3 Bc6 30.Bxa6 Bxf3
31.Re1 Nf6 32.Nd3 Be4 33.Bc4 Bg7 34.Kc2 Rdc8 35.b4 Ng4 36.Rxe4 fxe4 37.Nf4 Ne3+
38.Kb3 Rxc5 39.Bxe6+ Ke8 40.Bb2 Nc2 41.Ra8 Rxa8 42.Bxg7 Rc6 43.d7+ Ke7 44.Bd5
Nxb4 45.Kxb4 Rb8+ 46.Ka5 Rc5+ 47.Ka6 g5 48.Bd4 Rc2 49.Ne6 Kxd7 50.Nxg5 Rd2
51.Be6+ Kc6 52.Ba7 Rb1 53.Ka5 Rdb2 54.Bb3 Rxb3

[Event "StL-B-West 2002/03"]
[Site "Jenbach"]
[Date "2002.12.01"]
[Round "6"]
[Board "1"]
[White "Medvegy, Zoltan"]
[Black "Kelecevic, Nedeljko"]
[Result "1/2-1/2"]
[WhiteElo "2505"]
[BlackElo "2388"]
[PlyCount "69"]

1.d4 Nf6 2.c4 e6 3.g3 d5 4.Nf3 dxc4 5.Bg2 Nc6 6.Qa4 Bb4+ 7.Bd2 Nd5 8.Bxb4 Ndxb4
9.a3 b5 10.Qxb5 Nc2+ 11.Kd2 Nxa1 12.Qxc6+ Bd7 13.Qxc4 c5 14.Qa2 Qa5+ 15.Nc3 Bc6
16.d5 Bxd5 17.Qxa1 Rd8 18.Kc2 Bc6 19.Qc1 O-O 20.Kb1 h6 21.Ne1 Bd5 22.Nxd5 exd5
23.Nd3 c4 24.Nb4 Qc5 25.Nxd5 Rxd5 26.Bxd5 Qxd5 27.f3 Rb8 28.Rd1 Qe5 29.Rd2 c3
30.Rc2 cxb2 31.Rc8+ Rxc8 32.Qxc8+ Kh7 33.Qc2+ Kg8 34.Qxb2 Qe3 35.Ka2

[Event "StL-B-West 2002/03"]
[Site "Jenbach"]
[Date "2002.12.01"]
[Round "6"]
[Board "2"]
[White "Weindl, Alfred"]
[Black "Mathe, Gaspar"]
[Result "1/2-1/2"]
[WhiteElo "2371"]
[BlackElo "2363"]
[PlyCount "50"]

1.Nf3 c5 2.g3 Nc6 3.Bg2 g6 4.O-O Bg7 5.d3 Nf6 6.e4 O-O 7.Nc3 d6 8.h3 Rb8 9.a4 a6
10.Be3 b5 11.axb5 axb5 12.Qd2 b4 13.Ne2 Qc7 14.Bh6 e5 15.Nh4 Ne7 16.Bxg7 Kxg7
17.f4 Nfg8 18.g4 f6 19.b3 h6 20.Rf2 Bb7 21.Raf1 Nc6 22.g5 fxg5 23.fxg5 Rxf2
24.Rxf2 Qe7 25.gxh6+ Nxh6

[Event "StL-B-West 2002/03"]
[Site "Jenbach"]
[Date "2002.12.01"]
[Round "6"]
[Board "3"]
[White "Riediger, Martin"]
[Black "Poettinger, Harald"]
[Result "1/2-1/2"]
[WhiteElo "2275"]
[BlackElo "2222"]
[PlyCount "46"]

1.d4 f5 2.Nc3 d5 3.Bf4 Nf6 4.Nb5 Na6 5.c4 e6 6.e3 Ne4 7.f3 Bb4+ 8.Ke2 Nd6
9.Nxd6+ Bxd6 10.Bxd6 Qxd6 11.c5 Qe7 12.f4 O-O 13.Kf2 Nb8 14.Nf3 Bd7 15.Ne5 Nc6
16.Nxd7 Qxd7 17.Bb5 a6 18.Ba4 b5 19.cxb6 cxb6 20.Bxc6 Qxc6 21.Rc1 Qb7 22.Qb3
Rac8 23.Qb4 Kf7

[Event "StL-B-West 2002/03"]
[Site "Jenbach"]
[Date "2002.12.01"]
[Round "6"]
[Board "4"]
[White "Bezler, Rainer"]
[Black "Spiesberger, Gerhard"]
[Result "1-0"]
[WhiteElo "2253"]
[BlackElo "2093"]
[PlyCount "57"]

1.d4 e6 2.Nf3 d5 3.e3 Nf6 4.Bd3 Bd6 5.Nbd2 Nbd7 6.e4 dxe4 7.Nxe4 Nxe4 8.Bxe4 Nf6
9.Bd3 c5 10.dxc5 Bxc5 11.Qe2 Bd7 12.Bg5 Qa5+ 13.c3 Bd6 14.O-O-O O-O-O 15.Kb1 Bc6
16.Bd2 Bxf3 17.Qxf3 Qb6 18.g4 Ba3 19.Bc1 Rd7 20.g5 Nd5 21.Be4 Rhd8 22.Bxd5 exd5
23.c4 Bc5 24.Rxd5 Bxf2 25.Rhd1 Rxd5 26.cxd5 Qg6+ 27.Ka1 Qc2 28.g6 hxg6 29.Bg5

[Event "StL-B-West 2002/03"]
[Site "Jenbach"]
[Date "2002.12.01"]
[Round "6"]
[Board "5"]
[White "Fruehauf, Norbert"]
[Black "Gattenloehner, Sebastian"]
[Result "1/2-1/2"]
[WhiteElo "2082"]
[BlackElo "2216"]
[PlyCount "40"]

1.e4 c5 2.Nf3 e6 3.d4 cxd4 4.Nxd4 a6 5.Bd3 Nf6 6.O-O Qc7 7.h3 b6 8.Qe2 d6 9.Be3
Bb7 10.Nd2 Be7 11.c3 O-O 12.f4 Nbd7 13.N4b3 Rfe8 14.g4 Nc5 15.Nxc5 bxc5 16.g5
Nd7 17.Qg4 Bf8 18.Rae1 Qc6 19.Nf3 Rad8 20.Qh4 Qa4

[Event "StL-B-West 2002/03"]
[Site "Jenbach"]
[Date "2002.12.01"]
[Round "6"]
[Board "6"]
[White "Heilinger, Dietmar"]
[Black "Doppelhammer, Herbert"]
[Result "1/2-1/2"]
[WhiteElo "2178"]
[BlackElo "2110"]
[PlyCount "21"]

1.c4 e6 2.g3 d5 3.Bg2 c6 4.Nf3 Nf6 5.b3 Bd6 6.Bb2 O-O 7.O-O Nbd7 8.d3 Re8 9.Qc2
Qe7 10.Nbd2 Ba3 11.Qc1

[Event "StL-B-West 2002/03"]
[Site "Jenbach"]
[Date "2002.12.01"]
[Round "6"]
[Board "1"]
[White "Grundherr, Martin"]
[Black "Hausner, Ivan"]
[Result "1/2-1/2"]
[WhiteElo "2343"]
[BlackElo "2412"]
[PlyCount "44"]

1.e4 e6 2.d4 d5 3.Nc3 Be7 4.Nf3 Nf6 5.Bd3 b6 6.Bg5 dxe4 7.Nxe4 Bb7 8.Qe2 Nc6
9.Bxf6 gxf6 10.O-O-O Nb4 11.Bc4 Nd5 12.Bxd5 Qxd5 13.Nc3 Qd7 14.d5 O-O-O 15.dxe6
Qxe6 16.Rhe1 Qxe2 17.Rxe2 Rxd1+ 18.Nxd1 Bd6 19.Nh4 Bf4+ 20.Ne3 Bg5 21.Nhf5 Re8
22.h4 Bxe3+

[Event "StL-B-West 2002/03"]
[Site "Jenbach"]
[Date "2002.12.01"]
[Round "6"]
[Board "2"]
[White "Proehl, Holger"]
[Black "Bertagnolli, Alexander"]
[Result "1/2-1/2"]
[WhiteElo "2336"]
[BlackElo "2294"]
[PlyCount "53"]

1.e4 g6 2.d4 Bg7 3.Nf3 c6 4.c3 d5 5.Nbd2 dxe4 6.Nxe4 Bf5 7.Bd3 Nd7 8.Qe2 Ndf6
9.Nc5 b6 10.Bxf5 gxf5 11.Nd3 e6 12.Nde5 Ne7 13.O-O Ne4 14.Ng5 Nxg5 15.Bxg5 Qc7
16.Bxe7 Bxe5 17.dxe5 Kxe7 18.Rfe1 h5 19.Rad1 Rad8 20.Rxd8 Kxd8 21.Rd1+ Kc8
22.Rd6 Rd8 23.Qxh5 Rxd6 24.exd6 Qxd6 25.h4 Qd2 26.Qxf7 Qc1+ 27.Kh2

[Event "StL-B-West 2002/03"]
[Site "Jenbach"]
[Date "2002.12.01"]
[Round "6"]
[Board "4"]
[White "Kroell, Johannes"]
[Black "Mittelberger, Peter"]
[Result "0-1"]
[WhiteElo "2123"]
[BlackElo "2259"]
[PlyCount "92"]

1.g4 d5 2.Bg2 Bxg4 3.c4 c6 4.cxd5 Nf6 5.Qb3 cxd5 6.Qxb7 Qc8 7.Qxc8+ Bxc8 8.Nc3
e6 9.d3 Na6 10.Bf4 Bd7 11.Nf3 Nh5 12.Bd2 Bd6 13.Nd4 Rb8 14.O-O-O Ke7 15.e4 Nf4
16.Bxf4 Bxf4+ 17.Kb1 Be5 18.Nce2 Rb4 19.Nb3 dxe4 20.d4 Bd6 21.Bxe4 Ba4 22.Nec1
Rhb8 23.h4 h5 24.Rhe1 R4b6 25.Rd3 Nb4 26.Rf3 Bc6 27.Bxc6 Rxc6 28.Rc3 Rbc8 29.Ne2
Nd5 30.Rxc6 Rxc6 31.Na5 Rc7 32.Rc1 Kd7 33.Rxc7+ Kxc7 34.Nc4 Be7 35.Ne5 Bxh4
36.Ng3 Bxg3 37.fxg3 f6 38.Nf3 Ne3 39.Ng1 Kd6 40.Kc1 Kd5 41.Ne2 g5 42.Kd2 Ke4
43.b4 Kf3 44.d5 Nxd5 45.b5 e5 46.a4 Nb6

[Event "StL-B-West 2002/03"]
[Site "Jenbach"]
[Date "2002.12.01"]
[Round "6"]
[Board "5"]
[White "Eybl, Alexander"]
[Black "Schiestl, Josef"]
[Result "1-0"]
[WhiteElo "2233"]
[BlackElo "2170"]
[PlyCount "31"]

1.d4 Nf6 2.Bg5 Ne4 3.h4 g6 4.Nd2 Nxg5 5.hxg5 Bg7 6.c3 d6 7.Ngf3 c5 8.dxc5 dxc5
9.e3 b6 10.Qa4+ Bd7 11.Qf4 Be6 12.Bb5+ Kf8 13.Rd1 a6 14.Nc4 Nd7 15.Bxd7 Bxd7
16.Nfe5

[Event "StL-B-West 2002/03"]
[Site "Jenbach"]
[Date "2002.12.01"]
[Round "6"]
[Board "6"]
[White "Kondrak, Christof"]
[Black "Neuschmied, Siegfried"]
[Result "1-0"]
[WhiteElo "2210"]
[BlackElo "2185"]
[PlyCount "73"]

1.d4 g6 2.c4 Bg7 3.Nf3 d6 4.Bf4 Nd7 5.e3 e5 6.Bg3 Nh6 7.Bd3 O-O 8.Nc3 c6 9.O-O
f5 10.Bh4 Bf6 11.Bxf6 Qxf6 12.dxe5 dxe5 13.e4 Nc5 14.b4 Nxd3 15.Qxd3 Rd8 16.Qe3
f4 17.Qc5 Nf7 18.b5 Rd3 19.bxc6 bxc6 20.Qa3 Rxf3 21.gxf3 Bh3 22.Kh1 Bxf1 23.Rxf1
Qh4 24.Ne2 Rd8 25.Qc3 c5 26.Ng1 Rd4 27.Ne2 Rd6 28.Ng1 Qd8 29.Qa3 Qb6 30.Kg2 Rd2
31.Qa4 Qe6 32.Rb1 a6 33.Nh3 Rd4 34.Rb7 h6 35.Rc7 Qxc4 36.Qe8+ Kg7 37.Qxe5+

[Event "StL-B-West 2002/03"]
[Site "Jenbach"]
[Date "2002.12.01"]
[Round "6"]
[Board "2"]
[White "Klundt, Klaus"]
[Black "Novkovic, Milan"]
[Result "1/2-1/2"]
[WhiteElo "2385"]
[BlackElo "2375"]
[PlyCount "35"]

1.e4 c6 2.d4 d5 3.exd5 cxd5 4.c4 Nf6 5.Nc3 e6 6.Nf3 Bb4 7.cxd5 Nxd5 8.Qc2 Nd7
9.Bd3 Qc7 10.Bd2 Bxc3 11.bxc3 N5f6 12.O-O O-O 13.Rfe1 b6 14.Ne5 Bb7 15.Bf4 Nxe5
16.Bxe5 Qc6 17.f3 h6 18.Bxf6

[Event "StL-B-West 2002/03"]
[Site "Jenbach"]
[Date "2002.12.01"]
[Round "6"]
[Board "3"]
[White "Gaertner, Guntram"]
[Black "Hager, Franz"]
[Result "1/2-1/2"]
[WhiteElo "2354"]
[BlackElo "2265"]
[PlyCount "42"]

1.d4 f5 2.c4 Nf6 3.Nc3 e6 4.Nf3 d5 5.Bf4 c6 6.e3 Be7 7.Bd3 O-O 8.O-O Ne4 9.h3
Bd7 10.Ne5 Be8 11.f3 Nxc3 12.bxc3 Nd7 13.Qb3 Nxe5 14.Bxe5 b6 15.a4 Bg5 16.Rfe1
Bh4 17.Re2 Bh5 18.Kh2 Bf6 19.Bxf6 Rxf6 20.Rf2 Qd6+ 21.f4 g5

[Event "StL-B-West 2002/03"]
[Site "Jenbach"]
[Date "2002.12.01"]
[Round "6"]
[Board "4"]
[White "Hinteregger, Arthur"]
[Black "Atlas, Dmitry"]
[Result "1/2-1/2"]
[WhiteElo "2222"]
[BlackElo "2258"]
[PlyCount "88"]

1.e4 e6 2.d4 d5 3.Nd2 Nf6 4.e5 Nfd7 5.Bd3 c5 6.c3 Nc6 7.Ne2 cxd4 8.cxd4 f6
9.exf6 Nxf6 10.Nf3 Bd6 11.O-O Qc7 12.Bg5 O-O 13.Bh4 Nh5 14.Qc2 h6 15.Bg6 Nf4
16.Nxf4 Bxf4 17.Bg3 Qd6 18.Rad1 Bd7 19.Rfe1 Be8 20.Bxe8 Raxe8 21.Qg6 Qd7 22.a3
Rf6 23.Qd3 Qf7 24.b4 a6 25.Re2 g5 26.Bxf4 Rxf4 27.h3 Qf6 28.Red2 Rf8 29.b5 axb5
30.Qxb5 Rf7 31.Qb2 Qf5 32.Ne5 Nxe5 33.dxe5 Re4 34.Re2 Rxe2 35.Qxe2 Kg7 36.Rd3
Qf4 37.Rf3 Qc1+ 38.Kh2 Rxf3 39.Qxf3 Qf4+ 40.Qxf4 gxf4 41.g4 fxg3+ 42.Kxg3 Kg6
43.Kg4 d4 44.Kf4 d3

[Event "StL-B-West 2002/03"]
[Site "Jenbach"]
[Date "2002.12.01"]
[Round "6"]
[Board "5"]
[White "Tschohl, Christof"]
[Black "Gottsmann, Herbert"]
[Result "1/2-1/2"]
[WhiteElo "2127"]
[BlackElo "2193"]
[PlyCount "47"]

1.e4 e6 2.d4 d5 3.exd5 exd5 4.Bd3 Nc6 5.Nf3 Bd6 6.O-O Bg4 7.Re1+ Nge7 8.c3 Qd7
9.b4 f6 10.a4 O-O 11.b5 Nd8 12.c4 c6 13.Ba3 Nf7 14.Nbd2 Rfe8 15.Qc2 g6 16.Bxd6
Nxd6 17.c5 Nf7 18.Nh4 Nh6 19.h3 Be6 20.Re2 Nef5 21.Nxf5 Bxf5 22.Rae1 Rxe2
23.Rxe2 Re8 24.Nf3

[Event "StL-B-West 2002/03"]
[Site "Jenbach"]
[Date "2002.12.01"]
[Round "6"]
[Board "1"]
[White "Reich, Thomas"]
[Black "Meissner, Bernd"]
[Result "0-1"]
[WhiteElo "2397"]
[BlackElo "2382"]
[PlyCount "152"]

1.d4 Nf6 2.c4 c5 3.d5 e6 4.Nc3 exd5 5.cxd5 d6 6.Nf3 g6 7.Bg5 Bg7 8.e3 h6 9.Bh4
O-O 10.Nd2 Na6 11.Bc4 Nc7 12.a4 Bd7 13.O-O a6 14.a5 Bb5 15.b3 Qd7 16.h3 Nh7
17.Qc2 f5 18.f4 Rae8 19.Rae1 Kh8 20.Kh1 Bf6 21.Bg3 Qg7 22.Nd1 Bd7 23.Bh2 Nb5
24.Be2 Bd8 25.Nc4 Nf6 26.Bf3 Ne4 27.Nf2 Bh4 28.Bxe4 Bxf2 29.Rxf2 Rxe4 30.Rc1 Be8
31.Rd2 Bf7 32.Bg3 Qf6 33.Rd3 Kh7 34.Rf1 Nc7 35.Qd1 Be8 36.Qa1 Qxa1 37.Rxa1 Bb5
38.Rc1 Ne8 39.Bh4 Rf7 40.Kg1 Kg7 41.Be1 Rd7 42.Bc3+ Kf7 43.Bb2 Nc7 44.Kf2 Na8
45.g4 Bxc4 46.bxc4 b5 47.gxf5 bxc4 48.fxg6+ Kxg6 49.Rd2 Rde7 50.Rg1+ Kf5 51.Rg8
Rxe3 52.Rf8+ Ke4 53.Rxa8 c3 54.Bxc3 Rf3+ 55.Kg2 Rxc3 56.Re2+ Re3 57.Rxe3+ Kxe3
58.Rxa6 Rg7+ 59.Kh2 c4 60.Rxd6 c3 61.Rxh6 c2 62.Rc6 Kd2 63.f5 c1=Q 64.Rxc1 Kxc1
65.f6 Rf7 66.Kg3 Rxf6 67.Kg4 Kd2 68.Kg5 Rd6 69.h4 Ke3 70.h5 Rxd5+ 71.Kg6 Kf4
72.h6 Rd6+ 73.Kg7 Kg5 74.h7 Rd7+ 75.Kg8 Kg6 76.h8=N+ Kf6

[Event "StL-B-West 2002/03"]
[Site "Jenbach"]
[Date "2002.12.01"]
[Round "6"]
[Board "2"]
[White "Herbrechtsmeier, Christof"]
[Black "Micheli, Carlo"]
[Result "1/2-1/2"]
[WhiteElo "2334"]
[BlackElo "2350"]
[PlyCount "31"]

1.e4 c5 2.Nf3 e6 3.d4 cxd4 4.Nxd4 a6 5.Bd3 Qb6 6.Nb3 Qc7 7.O-O Nf6 8.Bg5 Be7
9.f4 d6 10.N1d2 h6 11.Bh4 Nbd7 12.Qe1 e5 13.f5 Nc5 14.Nxc5 Qxc5+ 15.Kh1 Bd7
16.a4

[Event "StL-B-West 2002/03"]
[Site "Jenbach"]
[Date "2002.12.01"]
[Round "6"]
[Board "3"]
[White "Hoellrigl, Wilfried"]
[Black "Kratochwil, Christian"]
[Result "1/2-1/2"]
[WhiteElo "2219"]
[BlackElo "2319"]
[PlyCount "84"]

1.e4 c5 2.Nf3 g6 3.c3 Bg7 4.d4 cxd4 5.cxd4 d5 6.exd5 Nf6 7.Nc3 O-O 8.Qb3 Nbd7
9.d6 exd6 10.Be2 Nb6 11.O-O Be6 12.Qd1 Nfd5 13.Bg5 Nxc3 14.bxc3 Qc7 15.Qd2 Rac8
16.Rac1 Bc4 17.Rfe1 Rfe8 18.Bxc4 Nxc4 19.Qd3 d5 20.Rxe8+ Rxe8 21.Re1 Rxe1+
22.Nxe1 h6 23.Be3 Qa5 24.Qc2 Nd6 25.Nf3 Qb5 26.h3 a5 27.Qc1 Kh7 28.Bf4 Nc4
29.Qe1 Qd7 30.h4 Qf5 31.Bg3 Qe6 32.Qb1 Qc6 33.h5 Bf6 34.hxg6+ fxg6 35.Qe1 Kg7
36.Be5 Qe6 37.Bxf6+ Kxf6 38.Qb1 b6 39.Qd1 g5 40.Nd2 Nd6 41.a4 Kg7 42.Qb1 Nf5

[Event "StL-B-West 2002/03"]
[Site "Hohenems"]
[Date "2003.01.31"]
[Round "7"]
[Board "1"]
[White "Dobos, Jozsef"]
[Black "Hertneck, Gerald"]
[Result "1/2-1/2"]
[WhiteElo "2311"]
[BlackElo "2516"]
[PlyCount "87"]

1.d4 Nf6 2.c4 c5 3.d5 b5 4.a4 bxc4 5.Nc3 d6 6.e4 Ba6 7.f4 Nbd7 8.Nf3 g6 9.Be2
Bg7 10.O-O O-O 11.Qe1 e6 12.Qh4 exd5 13.exd5 Ne8 14.Qh3 h6 15.f5 g5 16.f6 Nexf6
17.Bxg5 hxg5 18.Nxg5 Re8 19.Bh5 Re5 20.Bxf7+ Kf8 21.Ne6+ Kxf7 22.Nxd8+ Rxd8
23.Rae1 Bc8 24.Ne4 Ke7 25.Qg3 Bh8 26.Qh4 Rf8 27.Ng5 Bb7 28.Ne6 Rg8 29.Nf4 Rxe1
30.Rxe1+ Kd8 31.Re6 Kc8 32.Qe1 Ne5 33.Qa5 Nxd5 34.Nxd5 Bxd5 35.Re7 Nd7 36.Qa6+
Bb7 37.Qxd6 Bd4+ 38.Kf1 Bxg2+ 39.Ke2 Rd8 40.Qa6+ Bb7 41.Qxc4 Bxb2 42.a5 Bf6
43.Re6 Bd4 44.a6

[Event "StL-B-West 2002/03"]
[Site "Hohenems"]
[Date "2003.01.31"]
[Round "7"]
[Board "2"]
[White "Klinger, Josef"]
[Black "Schmidt, Georg"]
[Result "1/2-1/2"]
[WhiteElo "2440"]
[BlackElo "2246"]
[PlyCount "105"]

1.e4 e6 2.d4 d5 3.exd5 exd5 4.Nf3 Nf6 5.c4 Bb4+ 6.Nc3 O-O 7.Qb3 Qe7+ 8.Be3 Ng4
9.O-O-O Nxe3 10.Re1 Bxc3 11.Qxc3 c5 12.Rxe3 Qd6 13.dxc5 Qxc5 14.cxd5 Qxd5 15.Bc4
Qh5 16.Ne5 Be6 17.Bxe6 fxe6 18.Qc4 Nc6 19.Nxc6 bxc6 20.f4 Qd5 21.Qxd5 exd5 22.g3
Rfe8 23.Rhe1 Kf7 24.Rxe8 Rxe8 25.Rxe8 Kxe8 26.b4 Ke7 27.Kd2 h5 28.h3 Ke6 29.g4
hxg4 30.hxg4 g6 31.Kd3 a6 32.Kd4 Kd6 33.a4 Ke6 34.Kc5 Kd7 35.a5 Kc7 36.g5 Kd7
37.f5 gxf5 38.g6 Ke7 39.Kxc6 d4 40.g7 Kf7 41.b5 d3 42.bxa6 d2 43.a7 d1=Q
44.g8=Q+ Kxg8 45.a8=Q+ Kf7 46.Qb7+ Kf6 47.Qb2+ Ke6 48.a6 Qd6+ 49.Kb7 Qd7+ 50.Ka8
Qc8+ 51.Ka7 Qc7+ 52.Qb7 Kd7 53.Ka8

[Event "StL-B-West 2002/03"]
[Site "Hohenems"]
[Date "2003.01.31"]
[Round "7"]
[Board "3"]
[White "Kunze, Holger"]
[Black "Brumen, Dinko"]
[Result "0-1"]
[WhiteElo "2247"]
[BlackElo "2398"]
[PlyCount "60"]

1.e4 e6 2.c4 c5 3.Nc3 Nc6 4.Nf3 g6 5.d4 Bg7 6.Be3 cxd4 7.Nxd4 Nge7 8.Be2 O-O
9.O-O e5 10.Ndb5 a6 11.Nd6 Nd4 12.c5 b6 13.Bc4 bxc5 14.f4 exf4 15.Bxf4 Ne6
16.Nxf7 Qb6 17.Nd6 Bd4+ 18.Kh1 Rxf4 19.Rxf4 Qxd6 20.Qf3 Bb7 21.Rf1 Bg7 22.Rd1
Bd4 23.Rf1 Nf5 24.Qh3 Nfg7 25.Rf7 h5 26.Qd3 Kh7 27.e5 Qxe5 28.Rxd7 Bc6 29.Re7
Nf4 30.Rxe5 Bxg2#

[Event "StL-B-West 2002/03"]
[Site "Hohenems"]
[Date "2003.01.31"]
[Round "7"]
[Board "4"]
[White "Krstic, Uros"]
[Black "Opl, Klaus"]
[Result "1-0"]
[WhiteElo "2420"]
[BlackElo "2279"]
[PlyCount "69"]

1.e4 Nf6 2.e5 Nd5 3.d4 d6 4.Nf3 g6 5.Bc4 Nb6 6.Bb3 Nc6 7.Ng5 e6 8.exd6 cxd6
9.Qf3 Qe7 10.c3 Bh6 11.h4 f6 12.Nf7 Bxc1 13.Nxh8 Bxb2 14.h5 g5 15.Ng6 Qf7 16.Nd2
Bxa1 17.Ne4 Kd7 18.Kd2 Nd8 19.Qxf6 Kc7 20.Rxa1 Bd7 21.Rh1 Be8 22.Nf8 Nd5
23.Qxf7+ Bxf7 24.Nxh7 g4 25.Nhg5 Nf4 26.h6 d5 27.Nf6 Ng6 28.h7 Nh8 29.Nxg4 Kd6
30.Ne5 Ke7 31.Rh6 Be8 32.f4 a5 33.f5 a4 34.f6+ Kf8 35.Bc2

[Event "StL-B-West 2002/03"]
[Site "Hohenems"]
[Date "2003.01.31"]
[Round "7"]
[Board "5"]
[White "Enigl, Karl"]
[Black "Ljubic, Juro"]
[Result "1/2-1/2"]
[WhiteElo "2187"]
[BlackElo "2291"]
[PlyCount "62"]

1.Nf3 Nf6 2.g3 d5 3.Bg2 c5 4.O-O Nc6 5.d4 e6 6.c4 dxc4 7.dxc5 Qxd1 8.Rxd1 Bxc5
9.Nbd2 Ng4 10.Ne4 Be7 11.Nd4 Nxd4 12.Rxd4 O-O 13.Rxc4 Rd8 14.Nc3 Ne5 15.Re4 Bf6
16.Be3 Bd7 17.Bd4 Nc6 18.Bxf6 gxf6 19.Kf1 Be8 20.Rg4+ Kf8 21.Bxc6 Bxc6 22.Ke1
Rd7 23.Rd1 Rxd1+ 24.Kxd1 Rd8+ 25.Kc2 b5 26.a3 e5 27.f4 a5 28.fxe5 fxe5 29.b4 a4
30.e3 Ke7 31.Rh4 Bd7

[Event "StL-B-West 2002/03"]
[Site "Hohenems"]
[Date "2003.01.31"]
[Round "7"]
[Board "1"]
[White "Kelecevic, Nedeljko"]
[Black "Teske, Henrik"]
[Result "1/2-1/2"]
[WhiteElo "2388"]
[BlackElo "2529"]
[PlyCount "34"]

1.d4 Nf6 2.c4 e6 3.Nf3 d5 4.Nc3 c5 5.cxd5 Nxd5 6.e3 Nc6 7.Bc4 cxd4 8.exd4 Nxc3
9.bxc3 Be7 10.O-O O-O 11.Re1 Bd7 12.Bd3 Rc8 13.Qe2 Re8 14.h4 Bf6 15.Ng5 Bxg5
16.Bxg5 Qa5 17.Bd2 Ne7

[Event "StL-B-West 2002/03"]
[Site "Hohenems"]
[Date "2003.01.31"]
[Round "7"]
[Board "2"]
[White "Heinzel, Olaf"]
[Black "Weindl, Alfred"]
[Result "1-0"]
[WhiteElo "2371"]
[BlackElo "2371"]
[PlyCount "145"]

1.d4 g6 2.c4 Nf6 3.Nc3 Bg7 4.e4 d6 5.f3 O-O 6.Be3 c5 7.Nge2 Nc6 8.Qd2 a6 9.O-O-O
Qa5 10.Kb1 b5 11.dxc5 dxc5 12.Nd5 Qxd2 13.Rxd2 bxc4 14.Nec3 Nxd5 15.Nxd5 e6
16.Nb6 Rb8 17.Nxc4 Bd4 18.Bxd4 Nxd4 19.Bd3 Rd8 20.Rc1 Bd7 21.Ne5 Bb5 22.Rxc5 f6
23.Bxb5 Rxb5 24.Rxb5 axb5 25.Ng4 Kf7 26.Ne3 e5 27.Nc2 Ke6 28.Nxd4+ exd4 29.Kc2
b4 30.Kd3 Ke5 31.g3 g5 32.Rc2 Ra8 33.Rc5+ Ke6 34.Kxd4 Rxa2 35.Rc6+ Ke7 36.Rc2 b3
37.Rf2 Ra7 38.Kc4 Rb7 39.f4 h6 40.Rf3 Rc7+ 41.Kxb3 Rc1 42.e5 fxe5 43.Re3 Rh1
44.Rxe5+ Kd6 45.Re4 Kd5 46.Re2 gxf4 47.gxf4 Kd4 48.f5 Rf1 49.Re6 Rf3+ 50.Ka4 Rh3
51.b4 Rxh2 52.b5 Kd5 53.Ka5 h5 54.Rh6 Kc5 55.Rc6+ Kd5 56.Rc1 Ra2+ 57.Kb6 Rf2
58.Ka7 Ke5 59.Rh1 Rxf5 60.b6 Kf6 61.b7 Rb5 62.Rxh5 Rxh5 63.b8=Q Re5 64.Qh8+ Ke6
65.Kb6 Rd5 66.Qg8+ Kd6 67.Qf8+ Ke5 68.Kc6 Rd4 69.Qg7+ Ke4 70.Kc5 Rd5+ 71.Kc4 Re5
72.Qg4+ Ke3 73.Qd4+

[Event "StL-B-West 2002/03"]
[Site "Hohenems"]
[Date "2003.01.31"]
[Round "7"]
[Board "3"]
[White "Poettinger, Harald"]
[Black "Duer, Werner"]
[Result "1/2-1/2"]
[WhiteElo "2222"]
[BlackElo "2285"]
[PlyCount "28"]

1.d4 Nf6 2.Nf3 g6 3.c4 Bg7 4.Nc3 O-O 5.e3 c5 6.Be2 d5 7.O-O dxc4 8.Bxc4 Nbd7
9.h3 a6 10.a4 cxd4 11.exd4 Nb6 12.Bb3 Nbd5 13.Re1 Be6 14.Ng5 Nxc3

[Event "StL-B-West 2002/03"]
[Site "Hohenems"]
[Date "2003.01.31"]
[Round "7"]
[Board "4"]
[White "Erlacher, Michael"]
[Black "Bezler, Rainer"]
[Result "1/2-1/2"]
[WhiteElo "2197"]
[BlackElo "2253"]
[PlyCount "179"]

1.e4 e5 2.Nf3 Nf6 3.Nxe5 d6 4.Nf3 Nxe4 5.d4 d5 6.Bd3 Nc6 7.O-O Be7 8.c4 Bf5
9.Nc3 Nxc3 10.bxc3 Bxd3 11.Qxd3 dxc4 12.Qxc4 O-O 13.Rb1 Rb8 14.Be3 a6 15.a4 Na5
16.Qa2 c6 17.c4 b5 18.Ne5 Bd6 19.cxb5 axb5 20.axb5 cxb5 21.Rfd1 Bxe5 22.dxe5 Qc7
23.Rd5 Nc4 24.Rdxb5 Rxb5 25.Rxb5 Nxe3 26.fxe3 Qc3 27.Kf2 h6 28.Qb2 Qd3 29.Rb8
Rxb8 30.Qxb8+ Kh7 31.Qb4 Qc2+ 32.Kf3 Qd1+ 33.Kg3 Qd5 34.Qf4 g6 35.h3 h5 36.Kh2
Kg8 37.Qd4 Qe6 38.Qd8+ Kg7 39.Qd4 Kg8 40.e4 Qc6 41.Qe3 Qe6 42.Qf4 Kg7 43.Kg3 Qe7
44.Kf2 Qe6 45.Qg5 Qc6 46.Qf4 Qe6 47.g4 Qb6+ 48.Kg3 hxg4 49.Kxg4 Qe6+ 50.Kh4 Qe7+
51.Kg3 Qe6 52.h4 Qb6 53.Qf2 Qb3+ 54.Kf4 Qc3 55.Qf3 Qc7 56.Qe3 Qe7 57.Qg3 Qd8
58.Qg5 Qd2+ 59.Kf3 Qd3+ 60.Qe3 Qd8 61.Kg3 Qe7 62.Qd4 Qe6 63.Qd5 Qb6 64.Qd1 Qe3+
65.Qf3 Qg1+ 66.Kh3 Qb6 67.Qf4 Qe6+ 68.Kg3 Qb6 69.Kf3 Qe6 70.Qg5 Qb3+ 71.Qe3 Qe6
72.Qf4 Qh3+ 73.Ke2 Qe6 74.Qg5 Qc4+ 75.Kf3 Qb3+ 76.Kf4 Qb6 77.Qg3 Qd8 78.Qf2 Qe7
79.Qe1 Qe6 80.Qe3 Kh6 81.Qg3 Qc6 82.Qe3 Kg7 83.Qd4 Kg8 84.Qd8+ Kg7 85.Qd4 Kg8
86.Qd6 Qc1+ 87.Kg4 Qg1+ 88.Kf4 Qf2+ 89.Kg4 Qg2+ 90.Kf4

[Event "StL-B-West 2002/03"]
[Site "Hohenems"]
[Date "2003.01.31"]
[Round "7"]
[Board "5"]
[White "Gattenloehner, Sebastian"]
[Black "Jannasch, Franz"]
[Result "1-0"]
[WhiteElo "2216"]
[BlackElo "2189"]
[PlyCount "107"]

1.e4 Nf6 2.e5 Nd5 3.d4 Nc6 4.c4 Nb6 5.d5 Nxe5 6.c5 Nbc4 7.Qd4 b5 8.cxb6 c5 9.Qc3
Ba6 10.b7 Bxb7 11.Bxc4 Nxc4 12.Qxc4 e6 13.Nc3 Be7 14.Nge2 O-O 15.O-O a5 16.Rd1
a4 17.d6 Bg5 18.Qxc5 Bxc1 19.Raxc1 Ra5 20.Qe3 f5 21.f3 Rf6 22.b4 axb3 23.axb3 e5
24.b4 f4 25.Qd3 Qb6+ 26.Kh1 Ra3 27.Qc4+ Rf7 28.Nd5 Qxd6 29.Nec3 Qe6 30.Ne4 h6
31.Nc5 Bxd5 32.Qxd5 Qf5 33.Nxd7 Re3 34.b5 Re2 35.Qd3 Re1+ 36.Rxe1 Qxd3 37.Nxe5
Qxb5 38.Nxf7 Kxf7 39.h3 g5 40.Rc7+ Kf6 41.Rec1 Qb4 42.Kh2 Qd2 43.R1c6+ Ke5
44.Re7+ Kf5 45.Rxh6 Qf2 46.Re4 Qb2 47.Rhe6 Qa1 48.R4e5+ Qxe5 49.Rxe5+ Kxe5 50.h4
Kf6 51.Kh3 Kf5 52.h5 Ke6 53.Kg4 Kf6 54.h6

[Event "StL-B-West 2002/03"]
[Site "Hohenems"]
[Date "2003.01.31"]
[Round "7"]
[Board "6"]
[White "Erhard, Jakob"]
[Black "Heilinger, Dietmar"]
[Result "0-1"]
[WhiteElo "2112"]
[BlackElo "2178"]
[PlyCount "66"]

1.e4 e6 2.d4 d5 3.e5 c5 4.c3 Qb6 5.Nf3 Bd7 6.a4 Nc6 7.dxc5 Bxc5 8.a5 Nxa5 9.Rxa5
Qxa5 10.b4 Qa2 11.bxc5 Qxb1 12.Bd3 Qa1 13.O-O Qxc3 14.Be3 Ne7 15.Qe2 Nc6 16.Rc1
Qa3 17.Bd2 h6 18.h4 Qa4 19.Rb1 Rb8 20.Qe3 Qg4 21.Bb5 O-O 22.Ra1 Qe4 23.Qc3 d4
24.Qb3 a6 25.Bd3 Qd5 26.Qc2 Nxe5 27.Be4 d3 28.Bxd5 Nxf3+ 29.Bxf3 dxc2 30.Bf4
Rbc8 31.Bxb7 Rxc5 32.Kf1 e5 33.Bc1 Rb8

[Event "StL-B-West 2002/03"]
[Site "Hohenems"]
[Date "2003.01.31"]
[Round "7"]
[Board "1"]
[White "Proehl, Holger"]
[Black "Reich, Thomas"]
[Result "1/2-1/2"]
[WhiteElo "2336"]
[BlackElo "2397"]
[PlyCount "111"]

1.e4 d6 2.d4 Nf6 3.Bd3 Nc6 4.c3 e5 5.Nf3 Bg4 6.Be3 g6 7.Nbd2 exd4 8.cxd4 Bg7
9.Qb3 O-O 10.d5 Na5 11.Qa4 c5 12.dxc6 Nxc6 13.O-O a6 14.h3 Bd7 15.Qa3 d5 16.Bg5
Qa5 17.Qxa5 Nxa5 18.exd5 Nxd5 19.Nc4 Nxc4 20.Bxc4 Nb6 21.Bb3 Bb5 22.Rfe1 Rfe8
23.Be3 Na4 24.Rac1 Re7 25.Bf4 Rxe1+ 26.Rxe1 Nc5 27.Re7 Nxb3 28.axb3 Bxb2 29.Rxb7
f6 30.Nh2 g5 31.Be3 h5 32.Nf3 Rd8 33.Rc7 Rd1+ 34.Kh2 Rd3 35.Rc2 Rxb3 36.Bd4 Bxd4
37.Nxd4 Rd3 38.Nxb5 axb5 39.Rc5 b4 40.h4 gxh4 41.Rxh5 Rd4 42.g3 hxg3+ 43.Kxg3
Kf7 44.Kf3 Ke6 45.Rb5 Kd6 46.Ke3 Kc6 47.Rb8 Rh4 48.Rf8 Rh6 49.Kd4 Kb5 50.f4 Rh1
51.Rxf6 Rd1+ 52.Ke5 b3 53.Rf8 Kc4 54.Rc8+ Kd3 55.Rd8+ Kc2 56.Rc8+

[Event "StL-B-West 2002/03"]
[Site "Hohenems"]
[Date "2003.01.31"]
[Round "7"]
[Board "2"]
[White "Micheli, Carlo"]
[Black "Kleissl, Helmut"]
[Result "1-0"]
[WhiteElo "2350"]
[BlackElo "2321"]
[PlyCount "63"]

1.c4 d6 2.Nc3 e5 3.g3 f5 4.Bg2 Nf6 5.d3 Be7 6.e3 O-O 7.Nge2 c6 8.O-O Na6 9.f4
Qe8 10.Rb1 Bd8 11.b4 Nc7 12.b5 cxb5 13.cxb5 Nd7 14.e4 Nc5 15.Be3 exf4 16.gxf4
Be7 17.Ng3 fxe4 18.dxe4 Be6 19.Rf2 a6 20.b6 Nb5 21.Nd5 Bxd5 22.Qxd5+ Kh8 23.Rc1
Qc6 24.Rd2 Qxd5 25.Rxd5 Rac8 26.Nf5 Bf6 27.e5 Bd8 28.Nxd6 Nxd6 29.Rxd6 Be7
30.Rxc5 Rxc5 31.Bxc5 Bxd6 32.Bxd6